[Event "84th ESP-ch 2019"]
[Site "Marbella"]
[Date "2019.11.19"]
[Round "4.1"]
[White "Santos Latasa, Jaime"]
[Black "Shirov, Alexei"]
[Result "0-1"]
[WhiteElo "2581"]
[BlackElo "2666"]
[Annotator "ChessBase"]
[PlyCount "52"]
[EventDate "2019.11.16"]
[EventType "swiss"]
[EventCountry "ESP"]
[SourceTitle "playchess.com"]
[Source "ChessBase"]
[SourceQuality "1"]
[TimeControl "5400+30"]

1. Nf3 {[%emt 0:00:00]} d5 {[%emt 0:00:00]} 2. e3 {[%emt 0:00:00]} Nf6 {[%emt 0:00:14]} 3. c4 {[%emt 0:00:00]} c6 {[%emt 0:00:05]} 4. Nc3 {[%emt 0:00:05]} Nbd7 {[%emt 0:00:20]} 5. Qc2 {[%emt 0:00:21]} e5 {[%emt 0:00:17]} 6. cxd5 {[%emt 0:00:15]} Nxd5 {[%emt 0:00:04]} 7. a3 {[%emt 0:00:08]} Bd6 {[%emt 0:04:15]} 8. Be2 {[%emt 0:01:40]} O-O {[%emt 0:02:18]} 9. O-O {[%emt 0:00:20]} Nxc3 {[%emt 0:06:06]} 10. bxc3 {[%emt 0:05:40]} f5 {[%emt 0:00:36]} 11. d4 {[%emt 0:02:15]} e4 {[%emt 0:00:11]} 12. Nd2 {[%emt 0:00:04]} Nf6 {[%emt 0:03:49]} 13. a4 {[%emt 0:00:53]} Bc7 {[%emt 0:06:48]} 14. Ba3 {[%emt 0:02:09]} Re8 {[%emt 0:00:04]} 15. Rab1 {[%emt 0:04:19]} f4 {[%emt 0:03:22]} 16. exf4 {[%emt 0:02:54]} Bxf4 {[%emt 0:03:58]} 17. Nc4 {[%emt 0:00:54]} Nd5 {[%emt 0:02:55]} 18. g3 {[%emt 0:06:30]} Bh3 {[%emt 0:21:43]} 19. Rfe1 {[%emt 0:01:24]} e3 {[%emt 0:01:10]} 20. Bh5 {[%emt 0:08:15]} Nxc3 {[%emt 0:04:22]} 21. Bxe8 {[%emt 0:12:47]} Nxb1 {[%emt 0:00:52]} 22. Rxb1 {[%emt 0:00:33]} Qd5 {[%emt 0:02:00]} 23. Nxe3 {[%emt 0:07:54]} Bxe3 {[%emt 0:01:18]} 24. fxe3 {[%emt 0:00:17]} Rxe8 {[%emt 0:00:36]} 25. Rxb7 {[%emt 0:00:48]} Qf3 {[%emt 0:01:46]} 26. Qa2+ {[%emt 0:02:43]} Kh8 {[%emt 0:00:30]} 0-1

[Event "84th ESP-ch 2019"]
[Site "Marbella"]
[Date "2019.11.19"]
[Round "4.2"]
[White "Cuenca Jimenez, Jose Fernando"]
[Black "Salgado Lopez, Ivan"]
[Result "1/2-1/2"]
[WhiteElo "2523"]
[BlackElo "2594"]
[Annotator "ChessBase"]
[PlyCount "72"]
[EventDate "2019.11.16"]
[EventType "swiss"]
[EventCountry "ESP"]
[SourceTitle "playchess.com"]
[Source "ChessBase"]
[SourceQuality "1"]
[TimeControl "5400+30"]

1. e4 {[%emt 0:00:00]} d6 {[%emt 0:03:49]} 2. d4 {[%emt 0:02:44]} Nf6 {[%emt 0:00:08]} 3. f3 {[%emt 0:06:17]} e6 {[%emt 0:02:17]} 4. Be3 {[%emt 0:02:51]} Be7 {[%emt 0:00:11]} 5. Nc3 {[%emt 0:02:50]} a6 {[%emt 0:00:38]} 6. Qd2 {[%emt 0:06:58]} O-O {[%emt 0:00:38]} 7. Nge2 {[%emt 0:06:20]} b5 {[%emt 0:01:12]} 8. g4 {[%emt 0:09:35]} c5 {[%emt 0:03:09]} 9. g5 {[%emt 0:07:26]} Nfd7 {[%emt 0:00:26]} 10. h4 {[%emt 0:07:15]} Nc6 {[%emt 0:01:27]} 11. Bg2 {[%emt 0:05:14]} b4 {[%emt 0:07:10]} 12. Na4 {[%emt 0:02:58]} cxd4 {[%emt 0:02:22]} 13. Nxd4 {[%emt 0:00:56]} Bb7 {[%emt 0:00:13]} 14. b3 {[%emt 0:05:37]} d5 {[%emt 0:02:26]} 15. exd5 {[%emt 0:03:58]} Nxd4 {[%emt 0:00:52]} 16. Bxd4 {[%emt 0:00:12]} Bxd5 {[%emt 0:00:20]} 17. f4 {[%emt 0:00:48]} Qa5 {[%emt 0:15:29]} 18. Bxd5 {[%emt 0:10:20]} Qxd5 {[%emt 0:00:25]} 19. O-O-O {[%emt 0:00:07]} Rad8 {[%emt 0:07:09]} 20. Rhf1 {[%emt 0:04:17]} Rfe8 {[%emt 0:15:15]} 21. Qe3 {[%emt 0:02:49]} Qf5 {[%emt 0:02:52]} 22. Qd3 {[%emt 0:06:20]} Qxd3 {[%emt 0:07:57]} 23. Rxd3 {[%emt 0:00:09]} f6 {[%emt 0:02:36]} 24. Rfd1 {[%emt 0:00:44]} Nf8 {[%emt 0:01:33]} 25. gxf6 {[%emt 0:01:20]} gxf6 {[%emt 0:00:44]} 26. h5 {[%emt 0:00:20]} Rd5 {[%emt 0:02:49]} 27. Rg3+ {[%emt 0:00:59]} Kf7 {[%emt 0:00:59]} 28. Rdg1 {[%emt 0:02:05]} Red8 {[%emt 0:03:06]} 29. Rg7+ {[%emt 0:00:10]} Ke8 {[%emt 0:00:04]} 30. Rxe7+ {[%emt 0:01:13]} Kxe7 {[%emt 0:00:08]} 31. Rg7+ {[%emt 0:00:02]} Ke8 {[%emt 0:01:18]} 32. Bxf6 {[%emt 0:00:04]} R8d7 {[%emt 0:02:58]} 33. h6 {[%emt 0:00:01]} Rh5 {[%emt 0:01:44]} 34. Nb6 {[%emt 0:01:10]} Rh1+ {[%emt 0:03:35]} 35. Kb2 {[%emt 0:00:01]} Rf7 {[%emt 0:00:35]} 36. Bg5 {[%emt 0:01:10]} Ng6 {[%emt 0:00:26]} 1/2-1/2

[Event "84th ESP-ch 2019"]
[Site "Marbella"]
[Date "2019.11.19"]
[Round "4.3"]
[White "Vallejo Pons, Francisco"]
[Black "Del Rio De Angelis, Salvador G."]
[Result "1-0"]
[WhiteElo "2694"]
[BlackElo "2502"]
[Annotator "TA"]
[PlyCount "63"]
[EventDate "2019.11.16"]
[EventType "swiss"]
[EventCountry "ESP"]
[SourceTitle "playchess.com"]
[Source "ChessBase"]
[SourceQuality "1"]

{[%evp 12,63,25,-5,0,-4,0,-3,0,0,0,0,0,0,0,0,14,4,5,0,0,6,0,0,10,0,70,60,67,58,65,60,62,74,96,105,91,100,124,127,209,199,204,204,251,252,249,252,343,314,308,271,472,372]} 1. e4 c6 2. d4 d5 3. e5 Bf5 4. Nf3 e6 5. Be2 c5 6. O-O Ne7 7. c3 Nec6 {B12: Caro-Kann: Advance Variation} 8. Qb3 (8. Be3 Nd7 9. Nbd2 Be7 10. dxc5 Bxc5 11. Bxc5 Nxc5 12. Nb3 Nd7 13. Nfd4 Ndxe5 14. Nxf5 exf5 15. Bf3 Ne7 16. Re1 Nxf3+ 17. Qxf3 {½-½ (51) Ponkratov,P (2640)-Rozum,I (2568) Sochi 2019}) 8... Qc7 9. Be3 Nd7 {The position is equal.} 10. Nh4 Be4 $146 ({Predecessor:} 10... Bg6 11. Nd2 Be7 12. Nxg6 hxg6 13. Nf3 g5 {½-½ (41) Faber,H-Hoppe,R ICCF email 2002}) 11. Nd2 Be7 12. Nxe4 dxe4 13. g3 Bxh4 14. gxh4 Ne7 15. Kh1 Nf5 16. Rg1 O-O-O 17. Rg4 Kb8 18. Rxe4 Nb6 (18... cxd4 $11 19. cxd4 Rc8) 19. dxc5 $14 Nd7 20. Bf3 Nxe3 21. Rxe3 Nxc5 22. Qc2 $1 h5 23. a4 Nd7 24. Qe2 Nb6 25. Re4 ({But not} 25. Bxh5 $6 g6 $11) 25... Nd5 (25... a5 $16) 26. Rc4 $18 ({Don't play} 26. Bxh5 $6 f6 $14) 26... Qe7 27. Rd4 Nc7 28. Rad1 {[#] Hoping for Qe4.} Rxd4 29. Rxd4 $40 {[%mdl 128] White is out for blood.} ({Inferior is} 29. cxd4 Qxh4 30. Qe4 Qxe4 $11) 29... g6 30. Qd1 Kc8 31. Qb3 {[%csl Gf3][%cal Rb3b7]} Na6 $2 {[#]} (31... Nd5 {might work better.} 32. Bxd5 exd5 33. Qxd5 Re8) 32. Qb5 {Accuracy: White = 83%, Black = 61%.} 1-0

[Event "84th ESP-ch 2019"]
[Site "Marbella"]
[Date "2019.11.19"]
[Round "4.4"]
[White "Anton Guijarro, David"]
[Black "Tejedor Fuente, Enrique"]
[Result "1-0"]
[WhiteElo "2686"]
[BlackElo "2457"]
[Annotator "TA"]
[PlyCount "73"]
[EventDate "2019.11.16"]
[EventType "swiss"]
[EventCountry "ESP"]
[SourceTitle "playchess.com"]
[Source "ChessBase"]
[SourceQuality "1"]

{[%evp 10,73,50,1,7,10,0,2,41,46,41,45,45,47,58,42,28,28,44,34,34,23,52,48,43,30,57,51,68,47,52,44,46,35,35,39,64,72,112,100,151,130,129,127,179,189,195,190,170,172,602,241,605,596,1072,1055,937,659,2263,1927,1441,1263,3189,2568,2146,1823]} 1. c4 e5 2. g3 Nc6 3. Bg2 f5 4. Nc3 Nf6 5. e3 d5 6. Nxd5 ({Predecessor:} 6. cxd5 Nb4 7. d3 Nfxd5 8. Nxd5 {½-½ (24) Thinius,M (2363)-Erdos,V (2631) Deizisau 2012}) 6... Nxd5 {A25: English Opening vs King's Indian with ...Nc6 but without early d3} 7. cxd5 Nb4 8. d3 {With the idea e4.} Nxd5 {The position is equal.} 9. Nf3 Bd6 $146 (9... Bb4+ 10. Bd2 Bxd2+ 11. Qxd2 Qd6 12. O-O O-O 13. e4 Ne7 14. d4 fxe4 15. Nxe5 {1-0 (50) Kramnik,V (2799)-Bartel,M (2674) Dortmund 2012}) 10. O-O Nf6 11. Qb3 Qe7 12. e4 fxe4 13. dxe4 c6 14. Nh4 Be6 15. Qc2 g6 16. Bg5 O-O 17. Rad1 Qc7 18. Nf3 Kg7 19. b3 Rad8 20. Bc1 (20. Qd2 {with more complications.} Rfe8 21. Qe3 Be7 22. Bh6+ Kh8 23. h3) 20... Bg4 21. h3 Bxf3 $1 22. Bxf3 Qe7 23. Be3 Ne8 24. Be2 a6 (24... Qc7 $142) 25. Qc1 Kh8 {[#]} 26. Bh6 $1 Ng7 (26... Nf6 $16 27. Bxf8 Rxf8) 27. Bg5 $18 {[%mdl 64] Skewer} Qc7 28. Bxd8 Rxd8 29. Bg4 h5 $2 (29... Qe7 30. Rd3 Ne8) 30. Qh6+ {[%mdl 64] [#] Double Attack} Kg8 31. Be2 {White is clearly winning.} Qf7 32. Bc4 {Threatens to win with Qxg6.} Ne6 33. Rd3 b5 34. Bxe6 Qxe6 35. Rfd1 Kf7 36. Qh7+ Ke8 37. Qh8+ {Accuracy: White = 76%, Black = 49%.} 1-0

[Event "84th ESP-ch 2019"]
[Site "Marbella"]
[Date "2019.11.19"]
[Round "4.5"]
[White "Perez Candelario, Manuel"]
[Black "Garza Marco, Sergio"]
[Result "1-0"]
[WhiteElo "2623"]
[BlackElo "2400"]
[Annotator "TA"]
[PlyCount "153"]
[EventDate "2019.11.16"]
[EventType "swiss"]
[EventCountry "ESP"]
[SourceTitle "playchess.com"]
[Source "ChessBase"]
[SourceQuality "1"]

{[%evp 10,165,16,17,16,12,37,35,39,32,42,25,20,23,30,17,22,20,25,19,27,11,11,9,15,15,22,13,27,21,37,32,63,41,28,3,29,25,67,82,99,86,133,129,134,134,143,73,82,98,92,58,95,81,119,87,97,95,109,59,93,91,89,31,39,24,24,24,24,24,25,25,30,16,29,23,23,23,30,8,20,0,0,0,0,0,0,0,6,12,14,9,221,221,219,217,210,206,247,208,218,207,411,405,343,380,408,410,409,409,403,400,400,400,392,372,483,464,404,277,271,264,245,235,235,235,479,479,479,479,477,391,477,469,533,476,476,468,454,447,385,376,359,342,29974,29975,29975,29976,29976,29976,29975,970,29972,29969,29972,29976,29976,29974]} 1. e4 c6 2. Nc3 d5 3. Nf3 Bg4 4. h3 Bxf3 5. Qxf3 Nf6 6. Be2 e6 {B11: Caro-Kann: Two Knights Variation} 7. O-O dxe4 (7... d4 {feels hotter.} 8. Nb1 Nbd7 9. d3 Bd6 10. Nd2 O-O) (7... Bc5 8. Rd1 Bd4 9. Qf4 e5 10. Qg3 dxe4 11. d3 exd3 12. Bxd3 Nbd7 13. Ne2 O-O 14. Bf5 Nc5 15. Bh6 Nh5 16. Qg4 Qd6 17. Qxh5 Qxh6 18. Qxh6 gxh6 19. c3 {1-0 (19) Vachier Lagrave,M (2775)-Navara,D (2734) Riga 2019}) 8. Nxe4 Nxe4 {White is slightly better.} 9. Qxe4 Nd7 10. d4 Nf6 11. Qd3 Be7 12. Be3 $146 ({Predecessor:} 12. c4 O-O {½-½ (57) Milos,G (2618)-Rodshtein,M (2622) Bursa 2010}) 12... O-O 13. c4 Qc7 14. Bf3 Rfd8 15. Qb3 Rd7 16. Rfd1 Qa5 17. Rac1 g6 18. g3 Bf8 19. Kg2 Bg7 20. a4 h5 21. Qc3 Qd8 22. b4 a6 23. Qb3 Rc8 24. b5 $36 {[%mdl 2048] Black is under strong pressure.} axb5 25. axb5 cxb5 26. Qxb5 Ne8 {[%cal Rg7d4,Bf6e8,Be8d6,Bd6f5][%mdl 32]} 27. d5 exd5 28. Bxd5 ({White should play} 28. Rxd5 Rxd5 29. Qxd5) 28... Nd6 $16 29. Qb3 Nf5 30. Bb6 Qf6 31. Rb1 Re7 32. Qf3 Qg5 33. Kh1 Rd7 34. h4 Qf6 35. Kg2 Kh7 36. Rb3 (36. Qb3 $16) 36... Ne7 $1 $14 37. Be3 (37. Qe4 {seems wilder.} Qe5 38. Qxe5 Bxe5 39. Be3 Kg7 40. Rb5) 37... Nxd5 38. cxd5 Qxf3+ 39. Kxf3 Be5 40. Rb5 Kg7 41. Rdb1 Rcd8 42. Ke4 Re8 {next ...Bxg3+ is good for Black.} 43. Kd3 Ra8 44. R1b3 Ra4 45. Rc5 Kf6 46. Rb6+ Kf5 47. Rcb5 Ra3+ 48. Ke2 Ke4 49. Rb4+ Kf5 $1 50. Rxb7 Rxd5 $2 (50... Ra2+ $11 51. Kf1 Rxb7 52. Rxb7 f6) 51. Rxf7+ $18 Ke6 52. Rbb7 Bf6 {[#]} 53. Rf8 $1 Ra2+ 54. Kf1 Ra6 55. Kg2 Be7 $2 (55... Rda5 56. Rg8 Kf5) 56. Rg8 Kf7 57. Rh8 Ke6 58. Rh6 Kf6 59. Bg5+ Rxg5 60. hxg5+ Kxg5 {[%mdl 4096] Endgame KRR-KRB} 61. Rh7 ({Not} 61. Rxe7 Kxh6 62. f4 g5 $11) 61... Bc5 62. Rbc7 Bd6 63. Rcf7 Bc5 64. Rd7 {Rd5+ is the strong threat.} Kf6 65. Rhf7+ Ke6 66. Rb7 Ra2 67. Rf3 {Threatens to win with Rg7.} Bd4 $2 (67... Ra3 {keeps fighting.} 68. Rxa3 Bxa3) 68. Rb4 Rd2 69. Rb8 g5 70. Re8+ Kd7 71. Rg8 h4 72. Rxg5 hxg3 73. Kxg3 Ke6 74. Rg6+ Ke7 75. Rg4 Be5+ 76. Kg2 Rd5 $2 (76... Kd7 $18 77. Rg6 Ke7) 77. Rg5 {Played: Rf3-f5} 1-0

[Event "84th ESP-ch 2019"]
[Site "Marbella"]
[Date "2019.11.19"]
[Round "4.6"]
[White "Santos Ruiz, Miguel"]
[Black "Ladron De Guevara Pinto, Paolo"]
[Result "1-0"]
[WhiteElo "2583"]
[BlackElo "2442"]
[Annotator "ChessBase"]
[PlyCount "101"]
[EventDate "2019.11.16"]
[EventType "swiss"]
[EventCountry "ESP"]
[SourceTitle "playchess.com"]
[Source "ChessBase"]
[SourceQuality "1"]
[TimeControl "5400+30"]

1. e4 {[%emt 0:00:00]} e5 {[%emt 0:00:20]} 2. Nf3 {[%emt 0:00:00]} Nc6 {[%emt 0:00:04]} 3. Bb5 {[%emt 0:00:00]} a6 {[%emt 0:02:28]} 4. Ba4 {[%emt 0:00:11]} Nf6 {[%emt 0:00:35]} 5. O-O {[%emt 0:00:10]} Be7 {[%emt 0:00:16]} 6. Re1 {[%emt 0:00:12]} b5 {[%emt 0:00:20]} 7. Bb3 {[%emt 0:00:03]} d6 {[%emt 0:00:12]} 8. c3 {[%emt 0:00:06]} O-O {[%emt 0:00:05]} 9. d4 {[%emt 0:00:02]} Bg4 {[%emt 0:00:10]} 10. Be3 {[%emt 0:00:13]} Bh5 {[%emt 0:06:45]} 11. Nbd2 {[%emt 0:02:16]} Na5 {[%emt 0:05:34]} 12. dxe5 {[%emt 0:09:31]} dxe5 {[%emt 0:00:31]} 13. h3 {[%emt 0:00:15]} Nxb3 {[%emt 0:15:06]} 14. Qxb3 {[%emt 0:01:49]} Bd6 {[%emt 0:25:08]} 15. c4 {[%emt 0:04:12]} Bxf3 {[%emt 0:05:46]} 16. Nxf3 {[%emt 0:02:18]} bxc4 {[%emt 0:14:16]} 17. Qxc4 {[%emt 0:01:02]} Qb8 {[%emt 0:00:03]} 18. Qc2 {[%emt 0:06:10]} Qb7 {[%emt 0:00:34]} 19. Nd2 {[%emt 0:10:59]} Rfb8 {[%emt 0:01:51]} 20. Rab1 {[%emt 0:00:52]} a5 {[%emt 0:00:06]} 21. f3 {[%emt 0:06:39]} a4 {[%emt 0:00:15]} 22. Nc4 {[%emt 0:01:53]} Ne8 {[%emt 0:01:10]} 23. Red1 {[%emt 0:05:29]} Ra6 {[%emt 0:00:33]} 24. Rd3 {[%emt 0:04:18]} Qa8 {[%emt 0:03:34]} 25. Rc1 {[%emt 0:13:28]} Rc6 {[%emt 0:01:19]} 26. Qd1 {[%emt 0:04:03]} Rb5 {[%emt 0:03:11]} 27. Kh1 {[%emt 0:03:25]} h6 {[%emt 0:00:28]} 28. a3 {[%emt 0:01:40]} Ra6 {[%emt 0:04:20]} 29. Bd2 {[%emt 0:02:50]} Rb8 {[%emt 0:01:53]} 30. Bc3 {[%emt 0:02:53]} Rc6 {[%emt 0:01:29]} 31. Nxd6 {[%emt 0:01:14]} cxd6 {[%emt 0:00:12]} 32. Rc2 {[%emt 0:01:06]} Rbc8 {[%emt 0:00:17]} 33. Rcd2 {[%emt 0:00:06]} Qa6 {[%emt 0:00:25]} 34. Kh2 {[%emt 0:00:22]} Kh7 {[%emt 0:00:43]} 35. Rd5 {[%emt 0:01:19]} Rc5 {[%emt 0:00:05]} 36. Rxc5 {[%emt 0:03:10]} Rxc5 {[%emt 0:00:05]} 37. Bb4 {[%emt 0:00:01]} Rc6 {[%emt 0:04:10]} 38. Rd5 {[%emt 0:00:17]} f5 {[%emt 0:02:09]} 39. exf5 {[%emt 0:00:49]} Qc4 {[%emt 0:00:06]} 40. Qd2 {[%emt 0:00:37]} Qb3 {[%emt 0:01:58]} 41. Qd3 {[%emt 0:02:47]} Qxd3 {[%emt 0:01:04]} 42. Rxd3 {[%emt 0:00:04]} Kg8 {[%emt 0:00:21]} 43. Rd5 {[%emt 0:00:12]} Kf7 {[%emt 0:00:26]} 44. Ra5 {[%emt 0:01:56]} Kf6 {[%emt 0:01:00]} 45. Ra8 {[%emt 0:00:37]} Nc7 {[%emt 0:00:35]} 46. Rc8 {[%emt 0:00:08]} Ke7 {[%emt 0:00:06]} 47. Ba5 {[%emt 0:00:20]} Kd7 {[%emt 0:00:03]} 48. Rxc7+ {[%emt 0:02:43]} Rxc7 {[%emt 0:00:05]} 49. Bxc7 {[%emt 0:00:04]} Kxc7 {[%emt 0:00:05]} 50. g4 {[%emt 0:00:08]} d5 {[%emt 0:01:17]} 51. Kg2 {[%emt 0:00:44]} 1-0

[Event "84th ESP-ch 2019"]
[Site "Marbella"]
[Date "2019.11.19"]
[Round "4.7"]
[White "Suarez Uriel, Adrian"]
[Black "Ibarra Jerez, Jose Carlos"]
[Result "0-1"]
[WhiteElo "2389"]
[BlackElo "2540"]
[Annotator "ChessBase"]
[PlyCount "88"]
[EventDate "2019.11.16"]
[EventType "swiss"]
[EventCountry "ESP"]
[SourceTitle "playchess.com"]
[Source "ChessBase"]
[SourceQuality "1"]
[TimeControl "5400+30"]

1. e4 {[%emt 0:00:00]} c5 {[%emt 0:00:02]} 2. Nf3 {[%emt 0:00:00]} e6 {[%emt 0:00:40]} 3. d4 {[%emt 0:00:06]} cxd4 {[%emt 0:00:27]} 4. Nxd4 {[%emt 0:00:04]} Nf6 {[%emt 0:00:50]} 5. Nc3 {[%emt 0:00:08]} Nc6 {[%emt 0:00:47]} 6. a3 {[%emt 0:01:54]} Be7 {[%emt 0:02:09]} 7. Be3 {[%emt 0:07:58]} O-O {[%emt 0:03:17]} 8. Be2 {[%emt 0:15:16]} d5 {[%emt 0:13:41]} 9. exd5 {[%emt 0:00:55]} Nxd5 {[%emt 0:00:12]} 10. Nxd5 {[%emt 0:00:22]} Qxd5 {[%emt 0:00:12]} 11. Bf3 {[%emt 0:04:05]} Qa5+ {[%emt 0:00:50]} 12. b4 {[%emt 0:01:00]} Qc7 {[%emt 0:00:11]} 13. Nxc6 {[%emt 0:00:50]} bxc6 {[%emt 0:00:14]} 14. Qd3 {[%emt 0:19:47]} e5 {[%emt 0:03:35]} 15. Qc4 {[%emt 0:06:31]} Bd7 {[%emt 0:16:26]} 16. O-O {[%emt 0:00:36]} Rfc8 {[%emt 0:05:37]} 17. Qa6 {[%emt 0:21:55]} Bf5 {[%emt 0:09:53]} 18. c4 {[%emt 0:03:12]} Bd3 {[%emt 0:13:27]} 19. Rfe1 {[%emt 0:00:08]} e4 {[%emt 0:00:53]} 20. Be2 {[%emt 0:00:35]} Bxe2 {[%emt 0:04:42]} 21. Rxe2 {[%emt 0:00:04]} Rd8 {[%emt 0:00:27]} 22. g3 {[%emt 0:03:00]} f5 {[%emt 0:03:58]} 23. b5 {[%emt 0:02:25]} Qe5 {[%emt 0:00:49]} 24. Rc1 {[%emt 0:00:31]} c5 {[%emt 0:10:24]} 25. Bf4 {[%emt 0:04:13]} Qf6 {[%emt 0:00:02]} 26. Qb7 {[%emt 0:00:46]} Bf8 {[%emt 0:02:23]} 27. h4 {[%emt 0:00:37]} Qb6 {[%emt 0:03:37]} 28. Qxb6 {[%emt 0:01:08]} axb6 {[%emt 0:00:01]} 29. Bc7 {[%emt 0:00:10]} Rd7 {[%emt 0:00:28]} 30. Be5 {[%emt 0:01:33]} Rxa3 {[%emt 0:00:11]} 31. Ree1 {[%emt 0:01:18]} Ra4 {[%emt 0:00:51]} 32. Rcd1 {[%emt 0:02:45]} Rd3 {[%emt 0:03:06]} 33. Ra1 {[%emt 0:01:07]} Rxc4 {[%emt 0:00:35]} 34. Ra6 {[%emt 0:00:25]} Rb4 {[%emt 0:00:33]} 35. Rxb6 {[%emt 0:00:04]} Rdb3 {[%emt 0:00:12]} 36. Rc6 {[%emt 0:01:35]} Rxb5 {[%emt 0:00:24]} 37. Rd1 {[%emt 0:00:31]} Rb1 {[%emt 0:00:07]} 38. Rxb1 {[%emt 0:00:04]} Rxb1+ {[%emt 0:00:03]} 39. Kg2 {[%emt 0:00:01]} Rb7 {[%emt 0:00:36]} 40. g4 {[%emt 0:00:18]} fxg4 {[%emt 0:00:33]} 41. Kg3 {[%emt 0:00:02]} h5 {[%emt 0:00:47]} 42. Kf4 {[%emt 0:00:18]} Rf7+ {[%emt 0:01:12]} 43. Kg5 {[%emt 0:00:27]} Kh7 {[%emt 0:00:15]} 44. Bg3 {[%emt 0:00:46]} g6 {[%emt 0:00:13]} 0-1

[Event "84th ESP-ch 2019"]
[Site "Marbella"]
[Date "2019.11.19"]
[Round "4.8"]
[White "Narciso Dublan, Marc"]
[Black "Garcia Ramos, Daniel"]
[Result "0-1"]
[WhiteElo "2517"]
[BlackElo "2350"]
[Annotator "ChessBase"]
[PlyCount "92"]
[EventDate "2019.11.16"]
[EventType "swiss"]
[EventCountry "ESP"]
[SourceTitle "playchess.com"]
[Source "ChessBase"]
[SourceQuality "1"]
[TimeControl "5400+30"]

1. d4 {[%emt 0:00:00]} Nf6 {[%emt 0:00:00]} 2. Bg5 {[%emt 0:00:00]} d5 {[%emt 0:00:00]} 3. e3 {[%emt 0:00:05]} Nbd7 {[%emt 0:00:40]} 4. c4 {[%emt 0:01:55]} Ne4 {[%emt 0:00:40]} 5. Bh4 {[%emt 0:00:36]} g5 {[%emt 0:04:55]} 6. Bg3 {[%emt 0:04:36]} h5 {[%emt 0:00:15]} 7. cxd5 {[%emt 0:06:42]} h4 {[%emt 0:21:06]} 8. Be5 {[%emt 0:00:33]} Nxe5 {[%emt 0:00:26]} 9. dxe5 {[%emt 0:00:25]} c6 {[%emt 0:00:06]} 10. Ne2 {[%emt 0:23:23]} e6 {[%emt 0:08:37]} 11. Nec3 {[%emt 0:04:52]} Nxc3 {[%emt 0:05:03]} 12. Nxc3 {[%emt 0:00:07]} exd5 {[%emt 0:00:34]} 13. Qd4 {[%emt 0:03:43]} Bg7 {[%emt 0:07:58]} 14. Bd3 {[%emt 0:03:22]} O-O {[%emt 0:14:58]} 15. O-O {[%emt 0:11:11]} f6 {[%emt 0:15:11]} 16. f4 {[%emt 0:01:58]} Qb6 {[%emt 0:00:36]} 17. fxg5 {[%emt 0:23:23]} Qxd4 {[%emt 0:02:08]} 18. exd4 {[%emt 0:00:04]} fxe5 {[%emt 0:00:48]} 19. Rxf8+ {[%emt 0:00:40]} Kxf8 {[%emt 0:00:06]} 20. Rf1+ {[%emt 0:00:36]} Ke7 {[%emt 0:00:37]} 21. dxe5 {[%emt 0:00:51]} Bxe5 {[%emt 0:00:30]} 22. Ne2 {[%emt 0:00:56]} Bxb2 {[%emt 0:03:57]} 23. Nf4 {[%emt 0:05:58]} Bd7 {[%emt 0:05:51]} 24. Ng6+ {[%emt 0:00:39]} Kd6 {[%emt 0:00:04]} 25. Nxh4 {[%emt 0:00:51]} c5 {[%emt 0:00:07]} 26. Bf5 {[%emt 0:04:53]} c4 {[%emt 0:02:51]} 27. g4 {[%emt 0:00:38]} Bd4+ {[%emt 0:03:20]} 28. Kg2 {[%emt 0:00:09]} Be3 {[%emt 0:00:42]} 29. g6 {[%emt 0:00:44]} c3 {[%emt 0:00:35]} 30. Bxd7 {[%emt 0:00:31]} Kxd7 {[%emt 0:00:08]} 31. Nf5 {[%emt 0:00:35]} Bd2 {[%emt 0:01:55]} 32. Nd4 {[%emt 0:00:20]} Rg8 {[%emt 0:00:25]} 33. Rf7+ {[%emt 0:00:37]} Kd6 {[%emt 0:00:38]} 34. g7 {[%emt 0:00:34]} Ke5 {[%emt 0:00:14]} 35. Nc2 {[%emt 0:00:29]} Ke4 {[%emt 0:00:32]} 36. Rd7 {[%emt 0:00:31]} a5 {[%emt 0:00:32]} 37. h4 {[%emt 0:00:31]} Kd3 {[%emt 0:00:25]} 38. Na3 {[%emt 0:00:06]} d4 {[%emt 0:00:07]} 39. h5 {[%emt 0:00:54]} Be3 {[%emt 0:01:04]} 40. Rxb7 {[%emt 0:00:30]} c2 {[%emt 0:00:28]} 41. Rb3+ {[%emt 0:00:23]} Kd2 {[%emt 0:00:07]} 42. Rb2 {[%emt 0:00:38]} d3 {[%emt 0:00:11]} 43. Nc4+ {[%emt 0:00:29]} Kc3 {[%emt 0:00:22]} 44. Nxe3 {[%emt 0:00:20]} Kxb2 {[%emt 0:00:11]} 45. h6 {[%emt 0:00:03]} c1=Q {[%emt 0:00:23]} 46. h7 {[%emt 0:00:09]} Qc8 {[%emt 0:00:38]} 0-1